[Event "OLNO 1718 LOK RAW Cottbus - Greifswalde"]
[Site "?"]
[Date "2017.10.08"]
[Round "1.6"]
[White "Kirst, Julia"]
[Black "Kuersten, Ruediger"]
[Result "0-1"]
[WhiteElo "1936"]
[BlackElo "2172"]
[PlyCount "54"]
[EventDate "2017.??.??"]

1. d4 d5 2. c4 c6 3. Nf3 a6 4. cxd5 cxd5 5. Nc3 Nc6 6. Bf4 Nf6 7. e3 Bg4 8. h3
Bxf3 9. Qxf3 e6 10. Bd3 Bd6 11. Bg5 Nb4 12. Bb1 h6 13. Bh4 Rc8 14. O-O Be7 15.
a3 Nc6 16. Qe2 Na5 17. Qd3 Nc4 18. Nd1 Ne4 19. Bxe7 Qxe7 20. f3 Ng3 21. Rf2 f5
22. Ba2 b5 23. Rc1 O-O 24. Rfc2 Nxb2 25. Qb3 Ne2+ 26. Rxe2 Rxc1 27. Kh2 Na4 0-1

[Event "OLNO 1718 LOK RAW Cottbus - Greifswalde"]
[Site "?"]
[Date "2017.10.08"]
[Round "1.7"]
[White "Kalhorn, Stefan"]
[Black "Lehmann, Alexander"]
[Result "1-0"]
[WhiteElo "2150"]
[BlackElo "1997"]
[PlyCount "77"]
[EventDate "2017.??.??"]

1. d4 Nf6 2. c4 g6 3. Nc3 d5 4. Nf3 Bg7 5. Bg5 Ne4 6. cxd5 Nxg5 7. Nxg5 e6 8.
Qd2 exd5 9. Qe3+ Kf8 10. Qf4 Bf6 11. h4 h6 12. Nxd5 hxg5 13. Qxf6 Qxf6 14. Nxf6
Rxh4 15. Rxh4 gxh4 16. Rc1 c6 17. e4 Nd7 18. Nh7+ Kg7 19. Ng5 Nf6 20. Bc4 Bd7
21. e5 Re8 22. Bxf7 Re7 23. Bb3 Nh5 24. Kd2 Nf4 25. Rh1 Nxg2 26. Rh2 h3 27.
Nxh3 Bxh3 28. Rxh3 Nf4 29. Rg3 c5 30. Ke3 Nh5 31. Rf3 cxd4+ 32. Kxd4 g5 33. e6
Nf4 34. Ke5 Re8 35. Rc3 Re7 36. Rg3 Ng6+ 37. Kf5 Re8 38. Kxg5 Re7 39. Kf5 1-0

[Event "OLNO 1718 LOK RAW Cottbus - Greifswalde"]
[Site "?"]
[Date "2017.10.08"]
[Round "1.8"]
[White "Hering, Sven"]
[Black "Reyer, Ulli"]
[Result "1/2-1/2"]
[WhiteElo "1959"]
[BlackElo "2148"]
[PlyCount "20"]
[EventDate "2017.??.??"]

1. e4 e5 2. Qh5 Nc6 3. Bc4 g6 4. Qf3 Nf6 5. Ne2 Bg7 6. d3 d6 7. h3 h6 8. Nbc3
Bd7 9. Be3 Qe7 10. g4 Be6 {(=)} 1/2-1/2

[Event "OLNO 1718 TuS Makkabi Berl - Rotation P"]
[Site "?"]
[Date "2017.10.08"]
[Round "1.1"]
[White "Rietze, Clemens"]
[Black "Sawlin, Leonid"]
[Result "1/2-1/2"]
[WhiteElo "2319"]
[BlackElo "2307"]
[PlyCount "47"]
[EventDate "2017.??.??"]

1. d4 e6 2. c4 d5 3. Nc3 Be7 4. Qc2 c6 5. Nf3 Nf6 6. Bg5 O-O 7. e3 Nbd7 8. Rd1
Re8 9. Be2 h6 10. Bh4 a6 11. c5 e5 12. O-O exd4 13. exd4 Nf8 14. Ne5 N6d7 15.
Bxe7 Qxe7 16. f4 Ne6 17. Bh5 g6 18. Nxf7 gxh5 19. Qg6+ Ng7 20. Nxh6+ Kh8 21.
Nf7+ Kg8 22. Nh6+ Kh8 23. Nf7+ Kg8 24. Nh6+ 1/2-1/2

[Event "OLNO 1718 TuS Makkabi Berl - Rotation P"]
[Site "?"]
[Date "2017.10.08"]
[Round "1.2"]
[White "Kiesekamp, Marcos"]
[Black "Neumeier, Lars"]
[Result "1/2-1/2"]
[WhiteElo "2329"]
[BlackElo "2359"]
[PlyCount "52"]
[EventDate "2017.??.??"]

1. e4 c5 2. Nf3 e6 3. d4 cxd4 4. Nxd4 a6 5. Bd3 g6 6. f4 Bg7 7. c3 Ne7 8. Be3
d5 9. e5 f6 10. exf6 Bxf6 11. Nd2 O-O 12. N2f3 Nbc6 13. Qe2 Nxd4 14. Bxd4 Nc6
15. Bc5 Be7 16. Be3 Bd6 17. h4 Bxf4 18. Bxf4 Rxf4 19. h5 g5 20. g3 Rf8 21. Qe3
e5 22. Nxg5 e4 23. Be2 Rf5 24. Nh3 d4 25. cxd4 Qxd4 26. Qxd4 Nxd4 {(=)} 1/2-1/2

[Event "OLNO 1718 TuS Makkabi Berl - Rotation P"]
[Site "?"]
[Date "2017.10.08"]
[Round "1.3"]
[White "Guth, Thomas"]
[Black "Gazmaga, Stefan"]
[Result "1-0"]
[WhiteElo "2328"]
[BlackElo "2174"]
[PlyCount "77"]
[EventDate "2017.??.??"]

1. e4 d6 2. Nc3 e5 3. Bc4 Nf6 4. d3 c6 5. Nf3 Be7 6. a4 O-O 7. Bg5 Nbd7 8. O-O
Nc5 9. h3 Be6 10. b4 Bxc4 11. bxc5 Ba6 12. Bxf6 Bxf6 13. cxd6 Qxd6 14. Qb1 Qc5
15. Nd1 Bd8 16. Ne3 g6 17. Ng4 f6 18. Qa2+ Kg7 19. Rfd1 Qc3 20. Rab1 Bb6 21.
Rb3 Qa5 22. Qb2 Rae8 23. Qc1 Rh8 24. Qh6+ Kf7 25. d4 Bxd4 26. Nxd4 exd4 27. Rf3
Re6 28. Rxd4 Qc7 29. e5 f5 30. Rd6 Bc4 31. Rxf5+ gxf5 32. Rxe6 Bxe6 33. Qf6+
Ke8 34. Qxh8+ Ke7 35. Qxh7+ Kd8 36. Qh8+ Ke7 37. Qg7+ Kd8 38. Qf8+ Kd7 39. Nf6#
1-0

[Event "OLNO 1718 TuS Makkabi Berl - Rotation P"]
[Site "?"]
[Date "2017.10.08"]
[Round "1.4"]
[White "Krefenstein, Sergej"]
[Black "Dauth, Benjamin"]
[Result "1/2-1/2"]
[WhiteElo "2172"]
[BlackElo "2322"]
[PlyCount "61"]
[EventDate "2017.??.??"]

1. d4 d5 2. c4 e6 3. Nf3 c6 4. g3 Bd6 5. Bg2 Nf6 6. O-O O-O 7. Nfd2 Nbd7 8. Nc3
Re8 9. e4 dxe4 10. Ndxe4 Bf8 11. Bf4 Nxe4 12. Nxe4 Qb6 13. Qd2 e5 14. dxe5 Nxe5
15. Qc3 Ng6 16. Be3 Qc7 17. Rae1 Bf5 18. Bc1 Qe5 19. Qb3 Qc7 20. Qf3 Qc8 21.
Nf6+ gxf6 22. Rxe8 Qxe8 23. Qxf5 Qe6 24. Qc2 Bc5 25. Qc3 Rd8 26. b4 Bd4 27. Qc2
Ne5 28. Be4 Qh3 29. Bg2 Qe6 30. Be4 Qh3 31. Bg2 1/2-1/2

[Event "OLNO 1718 TuS Makkabi Berl - Rotation P"]
[Site "?"]
[Date "2017.10.08"]
[Round "1.5"]
[White "Bruchmann, Stephan"]
[Black "Sawlin, Michail"]
[Result "1-0"]
[WhiteElo "2219"]
[BlackElo "2206"]
[PlyCount "63"]
[EventDate "2017.??.??"]

1. e4 e6 2. d4 d5 3. Nc3 Nf6 4. e5 Nfd7 5. f4 c5 6. Nf3 Nc6 7. Be3 f6 8. Bb5 a6
9. Bxc6 bxc6 10. O-O f5 11. g4 Be7 12. gxf5 exf5 13. Na4 c4 14. b3 Nb6 15. Nc5
O-O 16. Rf2 Qe8 17. Rg2 Qh5 18. Qf1 h6 19. Kh1 a5 20. Qf2 Kh8 21. Rag1 Rg8 22.
Rg6 cxb3 23. cxb3 a4 24. Qg2 Bf8 25. e6 axb3 26. axb3 Ra7 27. Ne5 Kh7 28. Nf7
Bxe6 29. Nxe6 Rxf7 30. Nxf8+ Kh8 31. Ne6 Nd7 32. Nxg7 1-0

[Event "OLNO 1718 TuS Makkabi Berl - Rotation P"]
[Site "?"]
[Date "2017.10.08"]
[Round "1.6"]
[White "Emig, Edgar"]
[Black "Mueller, Michael"]
[Result "0-1"]
[WhiteElo "2128"]
[BlackElo "2262"]
[PlyCount "78"]
[EventDate "2017.??.??"]

1. e4 e6 2. d4 d5 3. Nd2 h6 4. c3 c5 5. exd5 Qxd5 6. Ngf3 Nc6 7. Bc4 Qd8 8. Nb3
cxd4 9. cxd4 Nf6 10. O-O Bd6 11. Re1 O-O 12. Bd2 b6 13. Rc1 Bb7 14. Qe2 Rc8 15.
Ne5 Rc7 16. a4 Ne7 17. a5 Nf5 18. axb6 axb6 19. Bd3 Bd5 20. Bxf5 exf5 21. Rxc7
Bxc7 22. Nc1 Bb7 23. Bc3 Nd5 24. f3 Qh4 25. Qf2 Qh5 26. h3 Qg5 27. Ncd3 f6 28.
f4 Qh5 29. Nf3 Nxf4 30. Nxf4 Bxf4 31. Re6 Bc7 32. Re7 Rf7 33. Qe2 Rxe7 34. Qxe7
Qf7 35. Qe2 Be4 36. Nd2 Qd5 37. b3 Bf4 38. Nc4 b5 39. Ne3 Qxb3 0-1

[Event "OLNO 1718 TuS Makkabi Berl - Rotation P"]
[Site "?"]
[Date "2017.10.08"]
[Round "1.7"]
[White "Jeske, Eckhard"]
[Black "Gorodetski, Grigori"]
[Result "1-0"]
[WhiteElo "2153"]
[BlackElo "1870"]
[PlyCount "85"]
[EventDate "2017.??.??"]

1. c4 f5 2. Nc3 Nf6 3. d3 e6 4. e4 fxe4 5. dxe4 d6 6. g3 Be7 7. Bg2 O-O 8. Nge2
e5 9. O-O Nc6 10. h3 Be6 11. Nd5 Qd7 12. Kh2 Rae8 13. Be3 a6 14. Qd3 Bd8 15.
Rad1 Qc8 16. b3 b6 17. a3 Ne7 18. f4 Nexd5 19. cxd5 Bd7 20. f5 Bb5 21. Qd2 a5
22. Rg1 h6 23. Bf3 Kf7 24. Rc1 Qd7 25. h4 Rh8 26. Kg2 h5 27. Nc3 Ba6 28. Nd1
Qb5 29. Rc3 Re7 30. Re1 Qe8 31. Nf2 Kg8 32. Nh3 g6 33. Bg5 Rg7 34. Qc2 Rhh7 35.
Be2 Bxe2 36. fxg6 Qxg6 37. Qxe2 Rd7 38. Rf3 Rhf7 39. Rf5 Kf8 40. Ref1 Qg7 41.
Bxf6 Bxf6 42. Qxh5 Bd8 43. Ng5 1-0

[Event "OLNO 1718 TuS Makkabi Berl - Rotation P"]
[Site "?"]
[Date "2017.10.08"]
[Round "1.8"]
[White "Schmidt, Jevgen"]
[Black "Zur, Jan"]
[Result "0-1"]
[WhiteElo "1872"]
[BlackElo "2145"]
[PlyCount "104"]
[EventDate "2017.??.??"]

1. Nf3 d5 2. d4 Nf6 3. c4 dxc4 4. e3 e6 5. Bxc4 c5 6. O-O a6 7. a4 Nc6 8. Qe2
Be7 9. Rd1 cxd4 10. exd4 O-O 11. Nc3 Nb4 12. Bg5 Bd7 13. d5 exd5 14. Nxd5 Nfxd5
15. Bxd5 Nxd5 16. Rxd5 Bxg5 17. Nxg5 h6 18. Qd2 hxg5 19. Rxd7 Qb6 20. a5 Qb5
21. Rd5 Qb3 22. Ra3 Qc4 23. Rxg5 Rfd8 24. Qe1 Qc2 25. Ra1 Rd2 26. Re5 Qxb2 27.
Re8+ Rxe8 28. Qxe8+ Kh7 29. Qe4+ g6 30. Qh4+ Kg7 31. Re1 Qe5 32. Rc1 Qxa5 33.
h3 Qe5 34. Qb4 Qd4 35. Qxb7 Qxf2+ 36. Kh1 a5 37. Qe4 Re2 38. Qc6 Re1+ 39. Rxe1
Qxe1+ 40. Kh2 Qe5+ 41. Kh1 Qa1+ 42. Kh2 a4 43. h4 a3 44. h5 a2 45. Qd5 Qb2 46.
hxg6 a1=Q 47. Qxf7+ Kh6 48. Qf8+ Qg7 49. Qf4+ Kxg6 50. Qg4+ Kh7 51. Qf5+ Qg6
52. Qd7+ Qag7 0-1

[Event "OLNO 1718 TSG Neuruppin - SC Weisse Dam"]
[Site "?"]
[Date "2017.10.23"]
[Round "2.1"]
[White "Waldmann, Hans-Joachim"]
[Black "Popovics, Adam"]
[Result "1/2-1/2"]
[WhiteElo "2288"]
[BlackElo "2379"]
[PlyCount "72"]
[EventDate "2017.??.??"]

1. Nf3 Nf6 2. g3 g6 3. Bg2 Bg7 4. O-O O-O 5. d3 d5 6. c3 c5 7. Qa4 Nc6 8. e4
Bd7 9. exd5 Nb4 10. Qd1 Nbxd5 11. a4 Qc8 12. Re1 Bh3 13. Bh1 Qf5 14. Ng5 Bh6
15. Nxh3 Bxc1 16. Qxc1 Qxh3 17. Nd2 Rad8 18. Nf3 Rfe8 19. a5 Qf5 20. d4 cxd4
21. Nxd4 Qh5 22. Nf3 e5 23. Qg5 Qxg5 24. Nxg5 h6 25. Nf3 e4 26. Nd4 Nb4 27. Re2
Nc6 28. Nxc6 bxc6 29. Rae1 Rd5 30. Bxe4 Nxe4 31. Rxe4 Rxa5 32. Kf1 c5 33. b4
Ra3 34. bxc5 Rxc3 35. Ra4 Rxc5 36. Rxa7 Kg7 1/2-1/2

[Event "OLNO 1718 TSG Neuruppin - SC Weisse Dam"]
[Site "?"]
[Date "2017.10.23"]
[Round "2.2"]
[White "Berebora, Ferenc"]
[Black "Moeller, Hendrik"]
[Result "1-0"]
[WhiteElo "2437"]
[BlackElo "2279"]
[PlyCount "61"]
[EventDate "2017.??.??"]

1. Nf3 d5 2. c4 e6 3. g3 c5 4. Bg2 Nc6 5. O-O Nf6 6. d4 Be7 7. dxc5 Bxc5 8. a3
a5 9. cxd5 exd5 10. Bg5 Be6 11. Nc3 d4 12. Ne4 Be7 13. Bxf6 gxf6 14. Rc1 Qb6
15. Qd2 f5 16. Neg5 O-O 17. Nh3 Kg7 18. Nf4 a4 19. Nh5+ Kg6 20. Rxc6 Qxc6 21.
Ne5+ Kxh5 22. Nxc6 bxc6 23. Qxd4 Kg6 24. Bxc6 Rab8 25. e4 Rfd8 26. Qxa4 Rxb2
27. exf5+ Bxf5 28. Be4 Bf6 29. Bxf5+ Kxf5 30. Rd1 Rxd1+ 31. Qxd1 1-0

[Event "OLNO 1718 TSG Neuruppin - SC Weisse Dam"]
[Site "?"]
[Date "2017.10.23"]
[Round "2.3"]
[White "Uhl, Heinz"]
[Black "Gyorkos, Lajos"]
[Result "1/2-1/2"]
[WhiteElo "2152"]
[BlackElo "2328"]
[PlyCount "87"]
[EventDate "2017.??.??"]

1. c4 Nf6 2. Nc3 g6 3. g3 Bg7 4. Bg2 O-O 5. Nf3 c6 6. e4 d5 7. cxd5 cxd5 8. e5
Ne4 9. O-O Nc6 10. Re1 Nxe5 11. Nxe5 Bxe5 12. Nxd5 Qxd5 13. Rxe4 Qd6 14. d4 Bf6
15. d5 Bf5 16. Re2 Rfd8 17. Bf4 e5 18. Be3 Rac8 19. Rd2 b6 20. h3 h5 21. a3 Rc7
22. Rc1 Rxc1 23. Qxc1 Rc8 24. Qd1 Bg7 25. Qa4 Rc7 26. Rd1 Bd7 27. Qb3 f5 28.
Bg5 Be8 29. Bd2 Bf7 30. Qb4 Bf8 31. Qh4 Be7 32. Qa4 Qd7 33. Qb3 e4 34. Be3 Bc5
35. f3 Qd6 36. Bxc5 Qxc5+ 37. Kh2 e3 38. Qd3 h4 39. d6 hxg3+ 40. Kxg3 Rd7 41.
f4 e2 42. Qxe2 Rxd6 43. Rxd6 Qxd6 44. Qe5 1/2-1/2

[Event "OLNO 1718 TSG Neuruppin - SC Weisse Dam"]
[Site "?"]
[Date "2017.10.23"]
[Round "2.4"]
[White "Schoene, Ralf"]
[Black "Abraham, Ingo"]
[Result "1/2-1/2"]
[WhiteElo "2279"]
[BlackElo "2197"]
[PlyCount "85"]
[EventDate "2017.??.??"]

1. d4 d5 2. c4 e6 3. Nc3 Be7 4. Nf3 Nf6 5. Bg5 h6 6. Bh4 O-O 7. e3 Ne4 8. Bxe7
Qxe7 9. cxd5 Nxc3 10. bxc3 exd5 11. Qb3 Rd8 12. c4 dxc4 13. Bxc4 Nc6 14. Qc3
Bg4 15. Be2 Bxf3 16. gxf3 Rac8 17. Rg1 Nb4 18. Rg4 Nd5 19. Qb3 c5 20. dxc5 Rxc5
21. Rc4 Rxc4 22. Qxc4 Nb6 23. Qe4 Qxe4 24. fxe4 Kf8 25. Rc1 Rc8 26. Rxc8+ Nxc8
27. e5 Nb6 28. Kd2 Nd7 29. f4 Ke7 30. Kc3 g5 31. Kd4 gxf4 32. exf4 f6 33. Bd3
fxe5+ 34. fxe5 Ke6 35. Bc4+ Ke7 36. Bd5 b6 37. Bc4 Nc5 38. Kd5 Ne6 39. Ke4 Nf8
40. Kf5 Nd7 41. Ke4 Nc5+ 42. Kd5 Nd7 43. Ke4 1/2-1/2

[Event "OLNO 1718 TSG Neuruppin - SC Weisse Dam"]
[Site "?"]
[Date "2017.10.23"]
[Round "2.5"]
[White "Venske, Kai-Gerrit"]
[Black "Heuer, Thomas"]
[Result "1-0"]
[WhiteElo "2167"]
[BlackElo "2105"]
[PlyCount "63"]
[EventDate "2017.??.??"]

1. e4 c5 2. Nf3 Nc6 3. c3 Nf6 4. e5 Nd5 5. d4 cxd4 6. Bc4 Nb6 7. Bb3 d6 8. exd6
e6 9. cxd4 Bxd6 10. Nc3 O-O 11. O-O Nd5 12. Re1 Nxc3 13. bxc3 b6 14. d5 exd5
15. Qxd5 Bb7 16. Ng5 Qc7 17. Qd3 g6 18. Qh3 h5 19. Qd3 Kh8 20. Bxf7 Bxh2+ 21.
Kh1 Rxf7 22. Nxf7+ Qxf7 23. Kxh2 Qxf2 24. Qe3 Qxe3 25. Bxe3 Rc8 26. Rad1 Rc7
27. Rd3 Kh7 28. Bg5 Rf7 29. Re6 Na5 30. Rdd6 Rf2 31. Re7+ Kg8 32. Bh6 1-0

[Event "OLNO 1718 TSG Neuruppin - SC Weisse Dam"]
[Site "?"]
[Date "2017.10.23"]
[Round "2.6"]
[White "Gropp, Andreas"]
[Black "Kaiser, Martin"]
[Result "1/2-1/2"]
[WhiteElo "2181"]
[BlackElo "2142"]
[PlyCount "76"]
[EventDate "2017.??.??"]

1. c4 e5 2. Nc3 Nf6 3. Nf3 Nc6 4. e4 Bb4 5. d3 d6 6. a3 Bxc3+ 7. bxc3 h6 8. Be2
O-O 9. O-O Ne8 10. d4 Qe7 11. Re1 b6 12. a4 Na5 13. dxe5 dxe5 14. Qd5 Bb7 15.
Qxe5 Qxe5 16. Nxe5 Nd6 17. f3 Rfe8 18. Bf4 f6 19. Ng4 Naxc4 20. Bxc4+ Nxc4 21.
Bxc7 Rac8 22. Bg3 h5 23. Ne3 Nxe3 24. Rxe3 f5 25. e5 g5 26. Bf2 f4 27. Ree1
Rxc3 28. a5 g4 29. axb6 axb6 30. Ra7 Bd5 31. fxg4 hxg4 32. Ra4 Bc4 33. Bxb6 Rc2
34. Bf2 Kh7 35. Re4 Bd5 36. Re1 Bc4 37. Re4 Bd5 38. Re1 Bc4 1/2-1/2

[Event "OLNO 1718 TSG Neuruppin - SC Weisse Dam"]
[Site "?"]
[Date "2017.10.23"]
[Round "2.7"]
[White "Lenhardt, Manfred"]
[Black "Biemann, Helge"]
[Result "0-1"]
[WhiteElo "2086"]
[BlackElo "1990"]
[PlyCount "94"]
[EventDate "2017.??.??"]

1. d4 d5 2. Nf3 e6 3. g3 Nf6 4. Bg2 c5 5. O-O Nc6 6. c4 Be7 7. Nc3 O-O 8. cxd5
exd5 9. Bf4 c4 10. Ne5 h6 11. b3 Qa5 12. Nxc6 bxc6 13. Na4 Ba6 14. bxc4 dxc4
15. Qc2 Nd5 16. Bd2 Nb4 17. Qd1 Qc7 18. a3 Nd5 19. Qc2 Rab8 20. e4 c3 21. Rfd1
cxd2 22. exd5 Qd7 23. Qxc6 Bb5 24. Qxd7 Bxd7 25. Nc5 Bxc5 26. dxc5 Rb2 27. c6
Bg4 28. f3 Bf5 29. Kf2 Rd8 30. g4 Bc8 31. Rab1 Rxb1 32. Rxb1 Rxd5 33. Ke2 Ba6+
34. Kd1 Bb5 35. Rxb5 Rxb5 36. f4 Kf8 37. Kxd2 Ke7 38. Kc3 Kd6 39. Be4 a5 40.
Kc4 Rb2 41. h4 a4 42. Kd4 f6 43. g5 Ra2 44. gxh6 gxh6 45. Bg6 Rxa3 46. Ke4 Rc3
47. Kf5 Ke7 0-1

[Event "OLNO 1718 TSG Neuruppin - SC Weisse Dam"]
[Site "?"]
[Date "2017.10.23"]
[Round "2.8"]
[White "Schuckar, Donald"]
[Black "Gross, Thorsten"]
[Result "0-1"]
[WhiteElo "2003"]
[BlackElo "2153"]
[PlyCount "42"]
[EventDate "2017.??.??"]

1. d4 Nf6 2. Nc3 d5 3. g3 Bf5 4. Bg2 e6 5. Nf3 h6 6. O-O c5 7. Re1 Nc6 8. a3
Be7 9. e3 O-O 10. h3 a6 11. g4 Bh7 12. g5 hxg5 13. Nxg5 Bg6 14. dxc5 Bxc5 15.
b4 Be7 16. Bb2 Nd7 17. Nf3 Bf6 18. Nd4 Rc8 19. Nde2 Nb6 20. Nf4 Ne7 21. Nxg6
Nxg6 0-1

[Event "OLNO 1718 Oberschöneweide - SV Empor Be"]
[Site "?"]
[Date "2017.10.23"]
[Round "2.1"]
[White "Thinius, Marco"]
[Black "Rosenthal, Dirk"]
[Result "0-1"]
[WhiteElo "2374"]
[BlackElo "2395"]
[PlyCount "118"]
[EventDate "2017.??.??"]

1. Nf3 d5 2. c4 d4 3. b4 g5 4. h3 Bg7 5. Nxg5 e5 6. d3 h6 7. Nf3 f5 8. Bb2 a5
9. b5 c5 10. bxc6 Nxc6 11. Na3 e4 12. Nd2 e3 13. Nf3 f4 14. Nb5 a4 15. Qc1 Nge7
16. fxe3 fxe3 17. Ba3 O-O 18. Qb2 Qa5+ 19. Kd1 Be6 20. Rc1 Rfd8 21. g3 Rd7 22.
Bg2 Nf5 23. g4 Ng3 24. Rg1 Ne4 25. Rc2 Nc3+ 26. Kc1 Nxb5 27. Qxb5 Qxb5 28. cxb5
Na7 29. b6 Nb5 30. Bb4 a3 31. Nh4 Nc3 32. Bxc3 dxc3 33. Nf5 Bf8 34. d4 Ra6 35.
d5 Bxf5 36. gxf5 Bb4 37. f6 Rxb6 38. Be4+ Kf8 39. Rg6 Rh7 40. Kd1 h5 41. Rc1
Ba5 42. Rg3 Rd7 43. Rxe3 Kf7 44. Rf3 Rb2 45. Rc2 b5 46. Rxb2 axb2 47. Kc2 b4
48. Bd3 Bc7 49. Rf5 Rd8 50. Rxh5 Kxf6 51. Rf5+ Ke7 52. h4 Kd6 53. h5 Rg8 54.
Rf1 Kc5 55. h6 Be5 56. h7 Ra8 57. Rf5 b3+ 58. axb3 Ra1 59. b4+ Kxb4 0-1

[Event "OLNO 1718 Oberschöneweide - SV Empor Be"]
[Site "?"]
[Date "2017.10.23"]
[Round "2.2"]
[White "Schoewel, Matthias"]
[Black "Foerster, Jonas"]
[Result "0-1"]
[WhiteElo "2224"]
[BlackElo "2268"]
[PlyCount "68"]
[EventDate "2017.??.??"]

1. e4 e6 2. d4 d5 3. exd5 exd5 4. Nf3 Bd6 5. Bd3 Bg4 6. O-O Nc6 7. c3 Nge7 8.
Re1 Qd7 9. Nbd2 O-O-O 10. b4 Ng6 11. b5 Nce7 12. Qa4 Kb8 13. Ne5 Bxe5 14. dxe5
d4 15. c4 Nf4 16. Be4 Ne2+ 17. Kh1 Nc3 18. Qb4 Ng6 19. Nb3 Nxe4 20. Rxe4 Qf5
21. Qe1 d3 22. f3 Bxf3 23. gxf3 Qxf3+ 24. Kg1 f5 25. Nd2 Qh5 26. Re3 f4 27. Re4
Rhf8 28. Bb2 f3 29. Qg3 f2+ 30. Kf1 Rf4 31. Re3 Rg4 32. Qh3 Qg5 33. Ne4 Rxe4
34. Rg3 Qd2 0-1

[Event "OLNO 1718 Oberschöneweide - SV Empor Be"]
[Site "?"]
[Date "2017.10.23"]
[Round "2.3"]
[White "Urban, Julian"]
[Black "Horn, Sven"]
[Result "1/2-1/2"]
[WhiteElo "2234"]
[BlackElo "2113"]
[PlyCount "67"]
[EventDate "2017.??.??"]

1. b3 e5 2. Bb2 Nc6 3. e3 Nf6 4. c4 d6 5. d3 Be7 6. Nf3 O-O 7. Nbd2 Bf5 8. Qc2
Nd7 9. a3 a5 10. Be2 Nc5 11. O-O Bg6 12. Rad1 Qd7 13. Ne4 Bxe4 14. dxe4 Qe6 15.
Nd2 Qg6 16. Bf3 Ne6 17. g3 h5 18. Bg2 h4 19. Nb1 hxg3 20. fxg3 Ncd8 21. Nc3 c6
22. Rf5 Qh6 23. Bc1 g6 24. Rf2 Kg7 25. Na4 Rh8 26. h3 f6 27. Qe2 Qg5 28. Kh2
Nf7 29. c5 Rad8 30. Qc4 dxc5 31. Qxe6 Rxd1 32. Qxe7 Rxc1 33. Nxc5 Rxc5 34. Qxc5
1/2-1/2

[Event "OLNO 1718 Oberschöneweide - SV Empor Be"]
[Site "?"]
[Date "2017.10.23"]
[Round "2.4"]
[White "Postler, Reinhard"]
[Black "Meissner, Hans-Juergen"]
[Result "1/2-1/2"]
[WhiteElo "2206"]
[BlackElo "2286"]
[PlyCount "76"]
[EventDate "2017.??.??"]

1. e4 c5 2. Nf3 d6 3. d4 cxd4 4. Nxd4 Nf6 5. Nc3 a6 6. f4 Qc7 7. Bd3 g6 8. O-O
Bg7 9. Kh1 O-O 10. f5 b5 11. a3 Bb7 12. Qe2 Nbd7 13. Bf4 Ne5 14. Rae1 Nc4 15.
Bxc4 Qxc4 16. Nb3 Qxe2 17. Rxe2 Nh5 18. Be3 Bxc3 19. bxc3 Rac8 20. e5 dxe5 21.
Nc5 Bd5 22. Ref2 Nf6 23. h3 Rc6 24. Rd1 Kg7 25. Kh2 Rfc8 26. Nd7 Nxd7 27. Rxd5
Rd6 28. f6+ Nxf6 29. Rxe5 Rxc3 30. Rxe7 Rc4 31. Bc1 Re4 32. Ra7 h5 33. Bb2 g5
34. Bxf6+ Rxf6 35. Rxf6 Kxf6 36. Rxa6+ Re6 37. Ra5 Re5 38. h4 gxh4 1/2-1/2

[Event "OLNO 1718 Oberschöneweide - SV Empor Be"]
[Site "?"]
[Date "2017.10.23"]
[Round "2.5"]
[White "Atkinson, Paul"]
[Black "Syre, Christian"]
[Result "1-0"]
[WhiteElo "2150"]
[BlackElo "2193"]
[PlyCount "107"]
[EventDate "2017.??.??"]

1. d4 Nf6 2. c4 g6 3. Nc3 Bg7 4. e4 d6 5. Nf3 O-O 6. Be2 e5 7. d5 a5 8. Bg5 h6
9. Bh4 Na6 10. Nd2 Bd7 11. a3 Qe8 12. b3 Nh7 13. Rb1 h5 14. f3 Bh6 15. Bf2 Qe7
16. Nf1 f5 17. Bd3 Kh8 18. h4 Nc5 19. Bc2 fxe4 20. Nxe4 Nxe4 21. Bxe4 Bf5 22.
Ng3 Bf4 23. Bxf5 Bxg3 24. Bxg6 Bxf2+ 25. Kxf2 Qg7 26. Bxh7 Qxh7 27. Re1 Rf6 28.
Qe2 Rg8 29. Kg1 Rf4 30. Qf2 Qg6 31. Rb2 b6 32. Rbe2 Qf6 33. Re3 Rxh4 34. Re4
Rf4 35. Rxf4 Qxf4 36. Re4 Qf5 37. Kh2 Rg7 38. Rh4 Kg8 39. Re4 Qg6 40. g3 Rf7
41. Qg2 Qf5 42. Re3 Kf8 43. Qe2 h4 44. gxh4 Qh5 45. Qf2 Rf4 46. Kh3 e4 47. Qg3
Rxf3 48. Rxf3+ exf3 49. Qf4+ Kg7 50. Kg3 Kh7 51. Qxf3 Qe5+ 52. Kh3 a4 53. bxa4
Qd4 54. Qh5+ 1-0

[Event "OLNO 1718 Oberschöneweide - SV Empor Be"]
[Site "?"]
[Date "2017.10.23"]
[Round "2.6"]
[White "Jauk, Wilhelm"]
[Black "Sulayev, Daniel"]
[Result "1-0"]
[WhiteElo "2132"]
[BlackElo "2051"]
[PlyCount "75"]
[EventDate "2017.??.??"]

1. d4 Nf6 2. Nf3 c5 3. c3 b6 4. Bg5 Ne4 5. Bh4 g6 6. dxc5 Nxc5 7. e3 Bg7 8. Be2
Bb7 9. O-O O-O 10. Nbd2 d6 11. Qc2 Nbd7 12. Rfd1 Nf6 13. a4 a6 14. Ra3 Rc8 15.
Qb1 Qd7 16. Nc4 Be4 17. Qa1 Qc7 18. Ne1 Bc6 19. Nd2 Bb7 20. f3 d5 21. Bf2 e5
22. c4 Rfd8 23. b4 Ne6 24. a5 d4 25. Nb3 Ne8 26. exd4 Nxd4 27. Nxd4 exd4 28.
Bd3 Qe7 29. Nc2 Nd6 30. Qa2 Qg5 31. Bg3 Nf5 32. Bxf5 Qxf5 33. axb6 h5 34. Bf2
Qe6 35. c5 Qxa2 36. Rxa2 d3 37. Ne1 Bc6 38. Rxa6 1-0

[Event "OLNO 1718 Oberschöneweide - SV Empor Be"]
[Site "?"]
[Date "2017.10.23"]
[Round "2.7"]
[White "Welz, Peter"]
[Black "Stark, Ingo"]
[Result "1/2-1/2"]
[WhiteElo "2060"]
[BlackElo "2122"]
[PlyCount "54"]
[EventDate "2017.??.??"]

1. e4 c5 2. Nc3 d6 3. g3 Nc6 4. Bg2 g6 5. d3 Bg7 6. f4 Rb8 7. Nf3 b5 8. a3 a5
9. O-O b4 10. axb4 axb4 11. Ne2 e6 12. d4 cxd4 13. Nexd4 Nxd4 14. Nxd4 Ne7 15.
Kh1 O-O 16. Be3 Qd7 17. Qd2 Bb7 18. Ra5 f5 19. exf5 Nxf5 20. Nxf5 Rxf5 21. Rxf5
gxf5 22. Bd4 Bxg2+ 23. Kxg2 Qc6+ 24. Kh3 Qc4 25. Rd1 Bxd4 26. Qxd4 Qxd4 27.
Rxd4 Rb6 1/2-1/2

[Event "OLNO 1718 Rotation Pankow - SK König Te"]
[Site "?"]
[Date "2017.10.23"]
[Round "2.1"]
[White "Berger, Steve"]
[Black "Rietze, Clemens"]
[Result "1-0"]
[WhiteElo "2418"]
[BlackElo "2319"]
[PlyCount "93"]
[EventDate "2017.??.??"]

1. e4 c5 2. Nc3 Nc6 3. Bb5 Nd4 4. Nf3 e6 5. O-O a6 6. Bd3 Ne7 7. Nxd4 cxd4 8.
Ne2 Nc6 9. c3 Bc5 10. b4 Ba7 11. Bb2 d5 12. exd5 Qxd5 13. c4 Qh5 14. Be4 Qh4
15. d3 f5 16. Bxc6+ bxc6 17. f4 c5 18. bxc5 Bxc5 19. Bxd4 Bxd4+ 20. Nxd4 O-O
21. Qe2 Qf6 22. Nc6 Bb7 23. Ne5 Rfd8 24. Rab1 Qe7 25. Qe3 Rac8 26. Rb6 Rd6 27.
Rfb1 Rc7 28. Rxd6 Qxd6 29. Qb6 Qe7 30. d4 g6 31. c5 Be4 32. Qb8+ Kg7 33. Rb2 h6
34. h4 a5 35. Rb6 Bd5 36. a3 a4 37. Rd6 Rb7 38. Qxb7 Bxb7 39. Rd7 Qxd7 40. Nxd7
g5 41. hxg5 hxg5 42. fxg5 Kg6 43. c6 Ba6 44. Nc5 Bc8 45. Nxa4 Kxg5 46. Nb6 Ba6
47. c7 1-0

[Event "OLNO 1718 Rotation Pankow - SK König Te"]
[Site "?"]
[Date "2017.10.23"]
[Round "2.2"]
[White "Neumeier, Lars"]
[Black "Breier, Andreas"]
[Result "0-1"]
[WhiteElo "2359"]
[BlackElo "2375"]
[PlyCount "82"]
[EventDate "2017.??.??"]

1. d4 e6 2. Nf3 c5 3. e3 b6 4. b3 Bb7 5. Bd3 cxd4 6. exd4 Bb4+ 7. c3 Be7 8. O-O
Nf6 9. Nbd2 Nd5 10. c4 Nf4 11. Bc2 d5 12. cxd5 Bxd5 13. Ne4 g5 14. Be3 Nc6 15.
Rc1 Nb4 16. Bb1 Nxa2 17. Bxf4 gxf4 18. Ne5 Nxc1 19. Qh5 Ne2+ 20. Kh1 Rf8 21.
Qxe2 Qc7 22. Qb5+ Kd8 23. f3 a6 24. Qe2 f5 25. Nf2 Qc3 26. Nfd3 Qxd4 27. Rd1
Qe3 28. Qc2 Rc8 29. Nc4 Bxc4 30. bxc4 Kc7 31. Re1 Qd4 32. Rxe6 Bd6 33. Qa4 Rfd8
34. Qxa6 Ra8 35. Qb5 Ra5 36. Qb3 Ra3 37. Qb5 Ra5 38. Qb3 Ra3 39. Qb5 Rxd3 40.
Bxd3 Qxd3 41. h4 Rg8 0-1